Pakistan Saqafhat / (Record no. 524309)
[ view plain ]
| 000 -LEADER | |
|---|---|
| fixed length control field | 00475nam a22001817a 4500 |
| 003 - CONTROL NUMBER IDENTIFIER | |
| control field | NUST |
| 022 ## - INTERNATIONAL STANDARD SERIAL NUMBER | |
| Source | 9694721326 |
| 038 ## - RECORD CONTENT LICENSOR | |
| Staff Name | waseem |
| 082 ## - DEWEY DECIMAL CLASSIFICATION NUMBER | |
| Classification number | 306.095491 |
| Author Mark | AMJ |
| 100 ## - MAIN ENTRY--PERSONAL NAME | |
| Personal name | Amjad, Rasheed |
| 9 (RLIN) | 14665 |
| 245 ## - TITLE STATEMENT | |
| Title | Pakistan Saqafhat / |
| Statement of responsibility, etc. | Rasheed Amjad |
| 260 ## - PUBLICATION, DISTRIBUTION, ETC. | |
| Place of publication, distribution, etc. | Islamabad : |
| Name of publisher, distributor, etc. | Academy Adabiyat, |
| Date of publication, distribution, etc. | 1999. |
| 300 ## - PHYSICAL DESCRIPTION | |
| Extent | 223 p. ; |
| 500 ## - GENERAL NOTE | |
| General note | Paperback. |
| 880 ## - ALTERNATE GRAPHIC REPRESENTATION | |
| Linkage | 100-02\r |
| Title | رشید امجد |
| 880 ## - ALTERNATE GRAPHIC REPRESENTATION | |
| Linkage | 245-02\r |
| Title | پاکستانی ثقافت / |
| 942 ## - ADDED ENTRY ELEMENTS (KOHA) | |
| Source of classification or shelving scheme | |
| Koha item type | Book |
| Withdrawn status | Lost status | Source of classification or shelving scheme | Damaged status | Not for loan | Permanent Location | Current Location | Shelving location | Date acquired | Total Checkouts | Full call number | Barcode | Date last seen | Price effective from | Koha item type |
|---|---|---|---|---|---|---|---|---|---|---|---|---|---|---|
| Central Library (CL) | Central Library (CL) | Urdu Literature | 06/20/2019 | 306.095491 AMJ | CL-E-2128 | 06/20/2019 | 06/20/2019 | Book |
